00511 2200169 4500001002100000005001700021008004100038035002500079090001800104110003900122245006700161260004300228300002200271650001800293850001200311990001800323YOGYA-0209000004481420150420165310.0 ind  a0010-020900000044814 aRQ 351bInd P aINDONESIA. Departemen Dalam Negeri aPedoman penyelenggaraan catatan sipilcDepartemen Dalam Negeri aJakartabDepartemen Dalam Negeric1979 a266 lembarc32 cm aCatatan sipil aYOPDYOG a26848-PD/A.07